| 000 | 00533nam a2200205Ia 4500 | ||
|---|---|---|---|
| 005 | 20250425162209.0 | ||
| 008 | 250425s9999 xx 000 0 und d | ||
| 041 | _aspa | ||
| 082 | _a664.752 | ||
| 100 | _aSOTO PASCO, J ROGELIO | ||
| 245 | 0 | _aCOMO INICIAR TU NEGOCIO PANADERIA Y PASTELERIA | |
| 250 | _a1A ED. | ||
| 260 | _aLIMA | ||
| 260 |
_aPerĂº _bPALOMINO _c2000 |
||
| 300 | _a134 | ||
| 500 |
_aEN CIBGZ-FIMCP D-30868 _1.00 PARA ING. ALIM.- MHP. |
||
| 650 | _aPRODUCTOS DE PANADERIA | ||
| 942 | _c01 | ||
| 010 | _a55503 | ||
| 999 |
_c224304 _d224304 |
||